000 00609nam a22002297a 4500
003 UA-OsUOA
001 95332
007 ta
008 20130227b un ||||| |||| 00| 0 ukr d
100 _aЖуков Ю.
090 _a821.161.1
_bЖ86
942 _cBK
040 _aUA-OsUOA
_brus
_cUA-OsUOA
_dUA-OsUOA
245 _aКрутые ступени
_bзаписки журналиста
300 _a382 с.
955 _a3
041 _arus
080 _a821.161.1
260 _aМ.
_bМысль
_c1983
650 7 _a82 Література. Літературознавство
_2UDC
999 _c381583
_d381583